000 00505nam a22001577a 4500
999 _c15300
_d15300
003 OSt
082 _2631.75807 KUR/DE
088 _aT 18
100 _aKURIEN, E. K
_92944
245 _aDesign, fabrication and testing of a rainfall simulator
260 _aTavanur 1993
_bKelappaji College of Agricultural Engineering and Technology
300 _a85
500 _aDesign, fabrication and testing of a rainfall simulator
520 _aDesign, fabrication and testing of a rainfall simulator
942 _cTH